| 000 | 00418 a2200157 4500 | ||
|---|---|---|---|
| 003 | Nust | ||
| 005 | 20230329124923.0 | ||
| 040 | _cNust | ||
| 082 | _a800,FIE | ||
| 100 |
_aFielding, Henry _957809 |
||
| 245 |
_aThe history of Tom Jones / _cHenry Filding |
||
| 260 |
_aChicago, _bEncyclopaedia Brittannica _c1945 |
||
| 300 |
_axv, 413 p. _b25 cm |
||
| 650 |
_aIdentity (Psychology) --Fiction. _9111562 |
||
| 942 |
_2ddc _cBK |
||
| 999 |
_c190882 _d190882 |
||